| 000 | 01513nam0a2200337 4500 | ||
|---|---|---|---|
| 001 | RU\NLR\BIBL_A\022630435 | ||
| 005 | 20251205135502.0 | ||
| 010 |
_a978-5-906818-31-7 _91000 |
||
| 021 |
_aRU _bКН-П-25-040511 _9КН-П-25-3945 |
||
| 035 | _a(NLR Aleph) 022630435 | ||
| 090 |
_a13497077 _c13497077 |
||
| 100 | _a20250925d2025 k y0rusy50 ca | ||
| 101 | 0 | _arus | |
| 102 | _aRU | ||
| 105 | _aa z 000yy | ||
| 181 | 0 |
_ai _baxxe |
|
| 182 | 0 | _an | |
| 200 | 1 |
_aСмена векторов развития в мировой экономике. От неолиберализма к новым реалиям _eмонография _fВ. В. Перская |
|
| 203 |
_aТекст _bвизуальный _cнепосредственный |
||
| 210 |
_aМосква _cКУРС _d2025 |
||
| 215 |
_a398, [1] с. _cил., табл. _d22 |
||
| 225 | 1 |
_aНаука _dScience _zeng |
|
| 300 | _aНа задней сторонке пер. авт.: Перская В. В., д-р экон. наук, проф., заслуж. экономист Рос. Федерации | ||
| 320 | _aБиблиогр.: с. 363–397 (291 назв.) и в подстроч. примеч. | ||
| 606 | 1 |
_aМировое хозяйство _xПерспективы развития _2nlr_sh1 _2nlr_sh2 _3RU\NLR\AUTH\66736095 |
|
| 686 | 1 | _aУ03(0)63 | |
| 700 | 1 |
_aПерская _bВ. В. _f1970- _gВиктория Вадимовна _3RU\NLR\AUTH\77127148 |
|
| 942 | _cBOOK | ||
| 980 | _aNB | ||